[Event "11. Senioren Team Europameiste"]
[Site "Velden - Casino"]
[Date "2009.04.05"]
[Round "1"]
[Board "2"]
[White "Braun, Gottfried"]
[Black "Muratoglu, Salih"]
[Result "1-0"]
[WhiteElo "2318"]
[BlackElo "2105"]
[PlyCount "97"]
[EventDate "2009.04.05"]
[EventType "team"]
[EventRounds "9"]
[EventCountry "AUT"]
[WhiteTeam "Schachgemeinschaft Leipzig"]
[BlackTeam "Turkiye"]

1.e4 c6 2.Nf3 d5 3.exd5 cxd5 4.c4 Nf6 5.cxd5 Nxd5 6.Nc3 e6 7.d4 a6 8.Bd3 Be7
9.O-O O-O 10.Re1 Nc6 11.a3 h6 12.Bc2 Nf6 13.Qd3 Re8 14.Bf4 Bd6 15.Bxd6 Qxd6
16.d5 Rd8 17.Rad1 exd5 18.Nxd5 Qxd5 19.Qxd5 Nxd5 20.Rxd5 Be6 21.Rdd1 Bd5 22.Ne5
Kf8 23.Ng4 Be6 24.Ne3 Rac8 25.Be4 Rxd1 26.Rxd1 Ke7 27.f4 g6 28.f5 gxf5 29.Nxf5+
Bxf5 30.Bxf5 Rc7 31.Rc1 Kd6 32.Kf2 Re7 33.Rc4 Re5 34.Bc2 Rc5 35.Rxc5 Kxc5 36.Ke3
Kc4 37.g4 Nd4 38.Bd3+ Kc5 39.b4+ Kd5 40.Be4+ Kc4 41.Bxb7 Nc2+ 42.Ke4 Nxa3
43.Bxa6+ Kxb4 44.Ke5 Nc4+ 45.Bxc4 Kxc4 46.Kf6 Kd4 47.Kxf7 Ke5 48.Kg6 Kf4 49.h3

[Event "11. Senioren Team Europameiste"]
[Site "Velden - Casino"]
[Date "2009.04.05"]
[Round "1"]
[Board "3"]
[White "Kayaman, Metin"]
[Black "Boehlig, Heinz"]
[Result "0-1"]
[WhiteElo "1974"]
[BlackElo "2261"]
[PlyCount "98"]
[EventDate "2009.04.05"]
[EventType "team"]
[EventRounds "9"]
[EventCountry "AUT"]
[WhiteTeam "Turkiye"]
[BlackTeam "Schachgemeinschaft Leipzig"]

1.d4 Nf6 2.Nf3 e6 3.e3 c5 4.Nbd2 Nc6 5.c3 b6 6.Bd3 Be7 7.O-O O-O 8.Qe2 Bb7 9.e4
cxd4 10.Nxd4 d6 11.N2f3 Qc7 12.Re1 Rac8 13.Bg5 Rfe8 14.Rad1 h6 15.Bc1 Red8
16.Nb5 Qb8 17.h3 Ne5 18.Nxe5 dxe5 19.c4 a6 20.Nc3 Bb4 21.Bd2 Qd6 22.Bb1 Qc7
23.a3 Bc5 24.Bd3 Rd7 25.Be3 Bd4 26.Qf3 Bxc3 27.bxc3 Rxd3 28.Rxd3 Bxe4 29.Qd1
Bxd3 30.Qxd3 Qxc4 31.Qxc4 Rxc4 32.Bxb6 Rxc3 33.a4 Nd5 34.Bd8 Rc8 35.Bh4 f6
36.Rb1 Rc4 37.Bg3 Rxa4 38.Rb8+ Kf7 39.Rb7+ Kg6 40.h4 h5 41.Kh2 Ra2 42.Ra7 a5
43.Ra6 Kf5 44.Ra7 g6 45.Ra6 a4 46.Ra5 a3 47.f3 Ne3 48.Bxe5 fxe5 49.f4 Nc4

[Event "11. Senioren Team Europameiste"]
[Site "Velden - Casino"]
[Date "2009.04.05"]
[Round "1"]
[Board "4"]
[White "Weber, Bernd"]
[Black "Baboglu, Ibrahim"]
[Result "1-0"]
[WhiteElo "2143"]
[BlackElo "1935"]
[PlyCount "111"]
[EventDate "2009.04.05"]
[EventType "team"]
[EventRounds "9"]
[EventCountry "AUT"]
[WhiteTeam "Schachgemeinschaft Leipzig"]
[BlackTeam "Turkiye"]

1.d4 Nf6 2.Nf3 e6 3.c4 d5 4.Nc3 c6 5.cxd5 exd5 6.Bg5 Be7 7.Qc2 Bg4 8.Ne5 Bh5
9.e3 Nfd7 10.Bxe7 Qxe7 11.Nd3 O-O 12.Nf4 Bg6 13.Nxg6 fxg6 14.Bd3 Nf6 15.O-O Nbd7
16.Qb3 Kh8 17.Rae1 b6 18.Rc1 Qd6 19.h3 Rac8 20.Ba6 Rb8 21.Be2 Rbc8 22.Bf3 Rfe8
23.Qc2 Qf8 24.Rfd1 Rcd8 25.a3 Re6 26.b4 b5 27.Qb3 Nb6 28.a4 a6 29.axb5 axb5
30.e4 Qe7 31.e5 Nh5 32.Bg4 Rf8 33.Ne2 Nc4 34.Ra1 Qf7 35.Bxe6 Qxe6 36.Rd3 h6
37.Rf3 Re8 38.Qd3 g5 39.Ra7 g4 40.hxg4 Qxg4 41.Qf5 Qxf5 42.Rxf5 g5 43.Rff7 Kg8
44.Rfc7 Kf8 45.Rh7 Kg8 46.g3 Nxe5 47.Rxh6 Nf7 48.Rg6+ Ng7 49.Kf1 Re6 50.Rxe6
Nxe6 51.Ra8+ Kg7 52.Rc8 Nfd8 53.f3 Kf6 54.Kf2 Ke7 55.Ke3 Kd7 56.Ra8

[Event "11. Senioren Team Europameiste"]
[Site "Velden - Casino"]
[Date "2009.04.05"]
[Round "1"]
[Board "1"]
[White "Sloth, Jorn"]
[Black "Gneiss, Karl"]
[Result "1/2-1/2"]
[WhiteElo "2322"]
[BlackElo "2119"]
[PlyCount "95"]
[EventDate "2009.04.05"]
[EventType "team"]
[EventRounds "9"]
[EventCountry "AUT"]
[WhiteTeam "Danmark 1"]
[BlackTeam "Voecklabruck/Oberoesterreich"]

1.c4 e5 2.g3 Nf6 3.Bg2 Nc6 4.Nc3 Bc5 5.e3 O-O 6.Nge2 Re8 7.d3 d6 8.O-O Bg4 9.h3
Bf5 10.Na4 Qd7 11.g4 Be6 12.Nec3 h6 13.Nd5 Nh7 14.f4 f5 15.gxf5 Bxf5 16.Kh2 exf4
17.e4 Be6 18.Nxc5 dxc5 19.Bxf4 Bxd5 20.cxd5 Nd4 21.e5 c6 22.dxc6 Nxc6 23.Qb3+
Kh8 24.Rae1 Nf8 25.Bg3 Ne6 26.h4 Rf8 27.Qd5 Qe7 28.Qd6 Rad8 29.Qxe7 Nxe7 30.Bh3
Nd4 31.Kg2 Nef5 32.e6 Nxg3 33.e7 Nxf1 34.Rxf1 Rfe8 35.exd8=Q Rxd8 36.Rf7 b6
37.Rxa7 Re8 38.Bg4 Re3 39.Bh5 Re6 40.Bf7 Rf6 41.h5 g5 42.hxg6 Kg7 43.Ra8 Rd6
44.Rg8+ Kf6 45.Rf8 Kg7 46.Re8 Nf5 47.Rg8+ Kf6 48.Bc4

[Event "11. Senioren Team Europameiste"]
[Site "Velden - Casino"]
[Date "2009.04.05"]
[Round "1"]
[Board "2"]
[White "Fasser, Walter"]
[Black "Brinck-Claussen, Bjorn"]
[Result "0-1"]
[WhiteElo "2068"]
[BlackElo "2290"]
[PlyCount "58"]
[EventDate "2009.04.05"]
[EventType "team"]
[EventRounds "9"]
[EventCountry "AUT"]
[WhiteTeam "Voecklabruck/Oberoesterreich"]
[BlackTeam "Danmark 1"]

1.c4 e5 2.Nc3 Nf6 3.e4 Bb4 4.Nge2 Nc6 5.d3 d6 6.f3 Be6 7.Be3 Nd7 8.a3 Bc5 9.Bxc5
dxc5 10.Nd5 O-O 11.b4 cxb4 12.Nxb4 Nc5 13.Nc3 Nd4 14.Rb1 c6 15.Na4 Nxa4 16.Qxa4
a5 17.Na2 b5 18.Qd1 Qh4+ 19.g3 Qe7 20.Rb3 Nxb3 21.Qxb3 Rfb8 22.Qc3 Qc5 23.Nc1 b4
24.axb4 axb4 25.Qc2 Qe3+ 26.Be2 Ra1 27.Kd1 b3 28.Qb2 Qd4 29.Qxd4 exd4

[Event "11. Senioren Team Europameiste"]
[Site "Velden - Casino"]
[Date "2009.04.05"]
[Round "1"]
[Board "1"]
[White "Bergen, Peter"]
[Black "Bachmann, Karlheinz"]
[Result "1/2-1/2"]
[WhiteElo "2170"]
[BlackElo "2274"]
[PlyCount "87"]
[EventDate "2009.04.05"]
[EventType "team"]
[EventRounds "9"]
[EventCountry "AUT"]
[WhiteTeam "ESV ASKOE ADMIRA VILLACH"]
[BlackTeam "SF Katernberg 1913 e.V."]

1.d4 d5 2.Nf3 Nf6 3.c4 dxc4 4.Nc3 a6 5.a4 e6 6.e3 c5 7.Bxc4 Nc6 8.O-O cxd4
9.exd4 Be7 10.Qd3 O-O 11.Rd1 Nb4 12.Qe2 b6 13.Ne5 Bb7 14.Be3 Nfd5 15.Rac1 Rc8
16.Bb3 Bf6 17.Nxd5 Bxd5 18.Rxc8 Qxc8 19.Bxd5 Nxd5 20.Rc1 Qb7 21.Nf3 Rc8 22.Qd1
h6 23.h3 Rc6 24.b3 Qc7 25.Rxc6 Qxc6 26.Qd3 b5 27.axb5 axb5 28.Bd2 Qa6 29.Kh2
Qd6+ 30.g3 Qa6 31.Kg2 Qc6 32.Kh2 Ne7 33.Bb4 Nf5 34.g4 Nh4 35.Nxh4 Bxh4 36.Kg1
Bf6 37.Qe3 Qc2 38.Bc5 Kh7 39.Kg2 Bg5 40.Qf3 Bf6 41.Qe3 g6 42.Qf3 Kg7 43.Qa8 Kh7
44.Qf3

[Event "11. Senioren Team Europameiste"]
[Site "Velden - Casino"]
[Date "2009.04.05"]
[Round "1"]
[Board "3"]
[White "Grom, Waldemar"]
[Black "Krueger, Erich"]
[Result "1/2-1/2"]
[WhiteElo "1975"]
[BlackElo "2218"]
[PlyCount "126"]
[EventDate "2009.04.05"]
[EventType "team"]
[EventRounds "9"]
[EventCountry "AUT"]
[WhiteTeam "ESV ASKOE ADMIRA VILLACH"]
[BlackTeam "SF Katernberg 1913 e.V."]

1.c4 Nf6 2.Nc3 g6 3.Nf3 Bg7 4.d4 O-O 5.e4 d6 6.Be2 e5 7.d5 a5 8.O-O Na6 9.h3 Nh5
10.Be3 Nf4 11.Bxf4 exf4 12.Qd2 Qf6 13.Rab1 Bd7 14.Qc2 Rfe8 15.Rfe1 Nc5 16.Bf1 g5
17.Nb5 Rac8 18.Na7 Rcd8 19.Nb5 g4 20.hxg4 Bxg4 21.Nh2 Bh5 22.Nxc7 Re7 23.Nb5 f3
24.Qc3 Qh4 25.Qxa5 Rde8 26.g3 Qf6 27.e5 Rxe5 28.Rxe5 Qxe5 29.Qb6 Bf8 30.b4 Nd7
31.Qd4 Bg6 32.Rd1 Qh5 33.Qg4 Ne5 34.Qxh5 Bxh5 35.Re1 Rc8 36.c5 f6 37.cxd6 Rd8
38.Bh3 Bxd6 39.Nxd6 Rxd6 40.Rc1 b6 41.Nf1 Bg4 42.Bxg4 Nxg4 43.Rd1 b5 44.Rd4 f5
45.Ne3 Nxe3 46.fxe3 Kf7 47.Kf2 Kf6 48.Kxf3 Ke5 49.Rh4 Kxd5 50.Rxh7 Ra6 51.Rh2
Kc4 52.Kf4 Rf6 53.Rh5 Kxb4 54.Rxf5 Ra6 55.g4 Rxa2 56.g5 Rg2 57.Ke5 Kc3 58.Kf6 b4
59.g6 b3 60.g7 b2 61.Rg5 Rf2+ 62.Ke5 Rg2 63.Kf6 Rf2+

[Event "11. Senioren Team Europameiste"]
[Site "Velden - Casino"]
[Date "2009.04.05"]
[Round "1"]
[Board "4"]
[White "Neese, Hans-Joachim"]
[Black "Hasberger, Walter"]
[Result "1-0"]
[WhiteElo "2200"]
[BlackElo "1904"]
[PlyCount "93"]
[EventDate "2009.04.05"]
[EventType "team"]
[EventRounds "9"]
[EventCountry "AUT"]
[WhiteTeam "SF Katernberg 1913 e.V."]
[BlackTeam "ESV ASKOE ADMIRA VILLACH"]

1.d4 d5 2.Nf3 Nf6 3.c4 c6 4.e3 Bf5 5.Nc3 e6 6.Nh4 Bg4 7.Qb3 Qb6 8.h3 Bh5 9.g4
Bg6 10.Nxg6 hxg6 11.Bg2 Na6 12.Qxb6 axb6 13.cxd5 exd5 14.a3 Bd6 15.g5 Ng8 16.Bd2
Ne7 17.Bf3 Nc7 18.Bg4 Nf5 19.O-O-O O-O-O 20.f4 Kb8 21.Rh2 Rde8 22.Re1 Re7 23.Nd1
Rhe8 24.Rg1 c5 25.dxc5 Bxc5 26.Bxf5 gxf5 27.g6 f6 28.h4 Rh8 29.h5 Rh6 30.b4 Bd6
31.Bc3 Re6 32.Rh3 Nb5 33.Bb2 Bc7 34.Kc2 Bd8 35.Rg2 Kc7 36.Rd2 Kd6 37.a4 Nc7
38.b5 Re4 39.Nc3 Rc4 40.Kb3 Rxc3+ 41.Bxc3 Ne6 42.Bb4+ Nc5+ 43.Ka3 Be7 44.Rh1 Ke6
45.Rc2 Bd6 46.a5 Ne4 47.a6

[Event "11. Senioren Team Europameiste"]
[Site "Velden - Casino"]
[Date "2009.04.05"]
[Round "1"]
[Board "1"]
[White "Westerinen, Heikki"]
[Black "Kirmas, Joachim"]
[Result "1-0"]
[WhiteElo "2344"]
[BlackElo "2134"]
[PlyCount "69"]
[EventDate "2009.04.05"]
[EventType "team"]
[EventRounds "9"]
[EventCountry "AUT"]
[WhiteTeam "Finland"]
[BlackTeam "USV Halle"]

1.e4 e5 2.Nf3 d6 3.d4 Nf6 4.Nc3 Nbd7 5.Bc4 Be7 6.O-O O-O 7.Re1 c6 8.a4 Qc7 9.a5
b5 10.axb6 Nxb6 11.Be2 a5 12.b3 Nfd7 13.Ba3 Re8 14.Qd2 h6 15.Bf1 Ba6 16.dxe5
dxe5 17.Bxe7 Rxe7 18.Rxa5 Bxf1 19.Rxa8+ Nxa8 20.Rxf1 Nab6 21.Rd1 Re6 22.Nh4 Nf8
23.Nf5 Nbd7 24.Ra1 Kh7 25.Qe3 Qb7 26.Ra7 Qb4 27.Ra4 Qb8 28.h3 Qd8 29.Ra1 Qb8
30.Ne2 Qb4 31.Neg3 Nf6 32.Ra8 N6d7 33.Nh5 Rg6 34.Nhxg7 Ne6 35.Nxe6

[Event "11. Senioren Team Europameiste"]
[Site "Velden - Casino"]
[Date "2009.04.05"]
[Round "1"]
[Board "2"]
[White "Swoboda, Peter"]
[Black "Kanko, Ilkka"]
[Result "1/2-1/2"]
[WhiteElo "2021"]
[BlackElo "2234"]
[PlyCount "34"]
[EventDate "2009.04.05"]
[EventType "team"]
[EventRounds "9"]
[EventCountry "AUT"]
[WhiteTeam "USV Halle"]
[BlackTeam "Finland"]

1.d4 Nf6 2.c4 e6 3.Nc3 Bb4 4.e3 d5 5.Nf3 O-O 6.Bd3 c5 7.O-O cxd4 8.exd4 dxc4
9.Bxc4 b6 10.Qb3 Bxc3 11.bxc3 Bb7 12.Ne5 Bd5 13.Bg5 Bxc4 14.Qxc4 Qc8 15.Rac1
Qxc4 16.Nxc4 Nc6 17.Bxf6 gxf6

[Event "11. Senioren Team Europameiste"]
[Site "Velden - Casino"]
[Date "2009.04.05"]
[Round "1"]
[Board "4"]
[White "Reinemann, Guenter"]
[Black "Kivipelto, Kaj-Erik"]
[Result "1/2-1/2"]
[WhiteElo "1968"]
[BlackElo "2219"]
[PlyCount "47"]
[EventDate "2009.04.05"]
[EventType "team"]
[EventRounds "9"]
[EventCountry "AUT"]
[WhiteTeam "USV Halle"]
[BlackTeam "Finland"]

1.e4 c5 2.Nc3 Nc6 3.f4 g6 4.Nf3 Bg7 5.Bc4 e6 6.O-O Nge7 7.e5 d5 8.exd6 Qxd6 9.d3
b6 10.Bd2 O-O 11.Qe1 Bb7 12.Ne4 Qc7 13.Qh4 Nf5 14.Nf6+ Bxf6 15.Qxf6 Qd8 16.Qxd8
Raxd8 17.Rae1 Ncd4 18.Nxd4 Nxd4 19.c3 Nf5 20.b4 Nd6 21.Rf2 Nxc4 22.dxc4 cxb4
23.cxb4 Rd3 24.Re3

[Event "11. Senioren Team Europameiste"]
[Site "Velden - Casino"]
[Date "2009.04.05"]
[Round "1"]
[Board "2"]
[White "Anguera, Maestro Jaime"]
[Black "Proksch, Gerhard"]
[Result "1-0"]
[WhiteElo "2230"]
[BlackElo "1989"]
[PlyCount "71"]
[EventDate "2009.04.05"]
[EventType "team"]
[EventRounds "9"]
[EventCountry "AUT"]
[WhiteTeam "Catalonia"]
[BlackTeam "Mixed Team Austria"]

1.d4 d5 2.c4 c6 3.e3 Nf6 4.Nc3 dxc4 5.Bxc4 b5 6.Bd3 b4 7.Nce2 e6 8.Nf3 a5 9.O-O
Ba6 10.Bc2 Bb5 11.e4 Be7 12.Bg5 Nbd7 13.Re1 h6 14.Be3 Qc7 15.h3 g5 16.Bd3 Qb7
17.Rc1 Qa6 18.Bxb5 Qxb5 19.Nd2 a4 20.Ng3 h5 21.e5 Nd5 22.Nxh5 Qd3 23.g4 Nxe3
24.fxe3 c5 25.Nc4 Qxd1 26.Rexd1 O-O 27.dxc5 Nxc5 28.Nd6 Na6 29.Nf6+ Kg7 30.Rf1
Rad8 31.Nfe4 Rd7 32.Rc6 Bxd6 33.exd6 Ra7 34.Nxg5 Nb8 35.Rc7 Ra6 36.Nxe6+

[Event "11. Senioren Team Europameiste"]
[Site "Velden - Casino"]
[Date "2009.04.05"]
[Round "1"]
[Board "3"]
[White "Isopp, Manfred"]
[Black "Buxade Roca, Guillermo"]
[Result "0-1"]
[WhiteElo "1971"]
[BlackElo "2239"]
[PlyCount "88"]
[EventDate "2009.04.05"]
[EventType "team"]
[EventRounds "9"]
[EventCountry "AUT"]
[WhiteTeam "Mixed Team Austria"]
[BlackTeam "Catalonia"]

1.Nf3 c5 2.g3 Nc6 3.Bg2 g6 4.O-O Bg7 5.d3 d6 6.e4 f5 7.Nc3 Nf6 8.Re1 O-O 9.Rb1
fxe4 10.dxe4 Kh8 11.h3 Be6 12.e5 dxe5 13.Qxd8 Raxd8 14.Nxe5 Nd4 15.Nd3 b6 16.Bf4
Nh5 17.Bg5 Nxc2 18.Rxe6 Rxd3 19.Be4 Nd4 20.Rxe7 Nf3+ 21.Bxf3 Rdxf3 22.Ne4 Bd4
23.Bh6 Ng7 24.Rd1 R3f7 25.Rxf7 Rxf7 26.Be3 Ne6 27.Bxd4+ Nxd4 28.Kg2 Re7 29.f3
Kg7 30.g4 h6 31.h4 Rf7 32.Rd3 a5 33.b3 Rd7 34.Kf2 Kf7 35.g5 hxg5 36.hxg5 Ke6
37.Nf6 Rd6 38.Ne4 Rd5 39.Re3 Kf5 40.Kg3 Ne6 41.Nc3 Rd2 42.f4 Nxf4 43.Rf3 Rg2+
44.Kh4 Rg4#

[Event "11. Senioren Team Europameiste"]
[Site "Velden - Casino"]
[Date "2009.04.05"]
[Round "1"]
[Board "4"]
[White "Coll Enriquez, Lluis"]
[Black "Grasser, Peter"]
[Result "1-0"]
[WhiteElo "2145"]
[BlackElo "1909"]
[PlyCount "47"]
[EventDate "2009.04.05"]
[EventType "team"]
[EventRounds "9"]
[EventCountry "AUT"]
[WhiteTeam "Catalonia"]
[BlackTeam "Mixed Team Austria"]

1.e4 e5 2.d4 exd4 3.Qxd4 Nc6 4.Qe3 d6 5.Bd2 Nf6 6.Nc3 Be7 7.O-O-O O-O 8.Bc4 Be6
9.Bxe6 fxe6 10.Qh3 Qd7 11.f4 g6 12.Nf3 Nh5 13.Nd5 Rad8 14.Nxe7+ Qxe7 15.Ng5 Rde8
16.Rhf1 h6 17.Nf3 Qg7 18.f5 exf5 19.exf5 Rxf5 20.Bc3 Qf8 21.Qg4 Nf4 22.Kb1 Re7
23.Nh4 h5 24.Qf3

[Event "11. Senioren Team Europameiste"]
[Site "Velden - Casino"]
[Date "2009.04.05"]
[Round "1"]
[Board "1"]
[White "Opl, Klaus"]
[Black "Niebuhr, Gerd"]
[Result "1-0"]
[WhiteElo "2359"]
[BlackElo "2048"]
[PlyCount "71"]
[EventDate "2009.04.05"]
[EventType "team"]
[EventRounds "9"]
[EventCountry "AUT"]
[WhiteTeam "Wien 1"]
[BlackTeam "Freibauer Niedersachsen"]

1.d4 Nf6 2.c4 g6 3.Nc3 d5 4.Nf3 Bg7 5.Bf4 O-O 6.Rc1 c5 7.dxc5 Qa5 8.cxd5 Rd8
9.Bd2 Qxc5 10.e4 Bg4 11.Be2 Nbd7 12.O-O Bxf3 13.gxf3 Rdc8 14.f4 Qa5 15.a3 a6
16.Bf3 Qb6 17.e5 Ne8 18.Bg4 f5 19.exf6 Nexf6 20.Be6+ Kh8 21.b4 Qd6 22.Qe2 Bh6
23.Ne4 Nxe4 24.Qxe4 Bg7 25.Rxc8+ Rxc8 26.Rc1 Rxc1+ 27.Bxc1 Nf6 28.Qc4 Qd8 29.Be3
Ne8 30.Qc5 Nc7 31.Bf7 Bf6 32.f5 Kg7 33.Bf4 Kxf7 34.fxg6+ hxg6 35.Bxc7 Qd7 36.Qc4

[Event "11. Senioren Team Europameiste"]
[Site "Velden - Casino"]
[Date "2009.04.05"]
[Round "1"]
[Board "2"]
[White "Hellwege, Werner"]
[Black "Titz, Heimo"]
[Result "0-1"]
[WhiteElo "2007"]
[BlackElo "2216"]
[PlyCount "82"]
[EventDate "2009.04.05"]
[EventType "team"]
[EventRounds "9"]
[EventCountry "AUT"]
[WhiteTeam "Freibauer Niedersachsen"]
[BlackTeam "Wien 1"]

1.d4 Nf6 2.Nf3 e6 3.g3 c5 4.Bg2 cxd4 5.Nxd4 Qb6 6.O-O Nc6 7.c3 d5 8.Qd3 Be7
9.Nd2 O-O 10.N4b3 Rd8 11.Qc2 e5 12.e4 Be6 13.exd5 Nxd5 14.Ne4 h6 15.Qe2 a5 16.c4
Ndb4 17.c5 Qc7 18.Be3 Nxa2 19.Rxa2 Bxb3 20.Raa1 Nd4 21.Bxd4 exd4 22.Qb5 Bd5
23.Rfc1 Qc6 24.Qxc6 Bxc6 25.Nd2 Bxg2 26.Kxg2 Rdc8 27.Nb3 a4 28.Nxd4 Bxc5 29.Rc4
Bxd4 30.Rxd4 b5 31.Rb4 Rc5 32.Ra3 Rd8 33.h4 h5 34.Re3 Rf5 35.f4 g6 36.Kf3 Rc5
37.g4 hxg4+ 38.Kxg4 Kg7 39.Re7 Rd3 40.Ra7 Re3 41.Ra5 f5+

[Event "11. Senioren Team Europameiste"]
[Site "Velden - Casino"]
[Date "2009.04.05"]
[Round "1"]
[Board "3"]
[White "Dueckstein, Andreas"]
[Black "Juergens, Peter"]
[Result "1-0"]
[WhiteElo "2235"]
[BlackElo "2016"]
[PlyCount "43"]
[EventDate "2009.04.05"]
[EventType "team"]
[EventRounds "9"]
[EventCountry "AUT"]
[WhiteTeam "Wien 1"]
[BlackTeam "Freibauer Niedersachsen"]

1.e4 e6 2.d4 d5 3.Nc3 Bb4 4.Bd3 c5 5.a3 Bxc3+ 6.bxc3 Ne7 7.dxc5 Qa5 8.Bd2 Qxc5
9.exd5 Qxd5 10.Nf3 Nbc6 11.Qe2 O-O 12.O-O e5 13.c4 Qc5 14.Bc3 f6 15.Rfc1 Rd8
16.Nd2 Nd4 17.Qe3 Qc7 18.Nb3 Bf5 19.Bxd4 exd4 20.Nxd4 Qd7 21.Nxf5 Nxf5 22.Qe4

[Event "11. Senioren Team Europameiste"]
[Site "Velden - Casino"]
[Date "2009.04.05"]
[Round "1"]
[Board "4"]
[White "Fritsch, Juergen Dr"]
[Black "Strauss, Anton"]
[Result "0-1"]
[WhiteElo "2011"]
[BlackElo "2205"]
[PlyCount "110"]
[EventDate "2009.04.05"]
[EventType "team"]
[EventRounds "9"]
[EventCountry "AUT"]
[WhiteTeam "Freibauer Niedersachsen"]
[BlackTeam "Wien 1"]

1.d4 e6 2.e4 c5 3.c3 d5 4.Nd2 cxd4 5.cxd4 Nc6 6.Bb5 Qb6 7.exd5 Qxb5 8.dxc6 bxc6
9.Ne2 Ba6 10.Nc3 Qb6 11.Nb3 Nf6 12.Be3 Nd5 13.Qd2 Bb4 14.O-O-O Bc4 15.Qc2 Bxb3
16.axb3 O-O 17.Na4 Qb5 18.Qc4 Be7 19.Bd2 Rab8 20.Kc2 Rb7 21.Nc3 Nb4+ 22.Kb1 Qf5+
23.Ka1 Rfb8 24.g4 Qxf2 25.Kb1 Qf3 26.Bc1 Nd5 27.Qd3 Nxc3+ 28.Qxc3 Qxc3 29.bxc3
Rxb3+ 30.Kc2 c5 31.d5 Bf6 32.d6 Rxc3+ 33.Kd2 Rc4 34.h3 Rd8 35.Ke2 Re4+ 36.Kf3
Rd4 37.Be3 R4xd6 38.Rxd6 Rxd6 39.Bxc5 Rd7 40.Rb1 h6 41.Rb8+ Kh7 42.Ra8 Bd4
43.Bxd4 Rxd4 44.Rxa7 f6 45.Ra5 e5 46.Ra3 Kg6 47.Kg3 h5 48.Rf3 hxg4 49.hxg4 Ra4
50.Kh4 Kh7 51.Kg3 g6 52.Rb3 Kg7 53.Rf3 Ra1 54.Rf2 Ra3+ 55.Kh4 g5+

[Event "11. Senioren Team Europameiste"]
[Site "Velden - Casino"]
[Date "2009.04.05"]
[Round "1"]
[Board "2"]
[White "Rahls, Peter"]
[Black "Aaltio, Erkki"]
[Result "0-1"]
[WhiteElo "2280"]
[BlackElo "2100"]
[PlyCount "90"]
[EventDate "2009.04.05"]
[EventType "team"]
[EventRounds "9"]
[EventCountry "AUT"]
[WhiteTeam "Berlin"]
[BlackTeam "Helsinki 1"]

1.e4 c6 2.d4 d5 3.Nc3 dxe4 4.Nxe4 Bf5 5.Ng3 Bg6 6.Nf3 e6 7.h4 h6 8.Ne5 Bh7 9.c3
Nd7 10.Nc4 Ngf6 11.Bf4 Nb6 12.Ne5 Nbd5 13.Bd2 Nd7 14.Bc4 Bd6 15.Qe2 Qc7 16.f4
O-O 17.O-O N5f6 18.Rad1 Nb6 19.Bd3 Bxd3 20.Nxd3 Rfe8 21.Nh5 Nxh5 22.Qxh5 Nd7
23.Be3 Nf6 24.Qf3 Qa5 25.g4 h5 26.gxh5 Qxh5 27.Qxh5 Nxh5 28.Kf2 g6 29.Kf3 Be7
30.Bf2 Kg7 31.Rg1 Red8 32.Rde1 Bf6 33.Rg2 b6 34.Ne5 Rac8 35.Reg1 c5 36.Ke4 Kf8
37.Re1 Ng7 38.Rh1 Nh5 39.a4 Ke7 40.Rgg1 Bg7 41.Rd1 cxd4 42.Rh3 f5+ 43.Kf3 Bxe5
44.fxe5 dxc3 45.Rxd8 Rxd8

[Event "11. Senioren Team Europameiste"]
[Site "Velden - Casino"]
[Date "2009.04.05"]
[Round "1"]
[Board "3"]
[White "Korhonen, Erkki"]
[Black "Lieb, Harald"]
[Result "0-1"]
[WhiteElo "1971"]
[BlackElo "2247"]
[PlyCount "142"]
[EventDate "2009.04.05"]
[EventType "team"]
[EventRounds "9"]
[EventCountry "AUT"]
[WhiteTeam "Helsinki 1"]
[BlackTeam "Berlin"]

1.Nf3 d5 2.d4 Nf6 3.e3 c6 4.Bd3 Bg4 5.b3 e6 6.Nbd2 Nbd7 7.Bb2 Be7 8.c4 O-O 9.Rc1
a5 10.Qc2 a4 11.O-O axb3 12.axb3 Bh5 13.Ne5 Bg6 14.Nxg6 hxg6 15.Ra1 Qc7 16.Nf3
Rfc8 17.Rxa8 Rxa8 18.Ra1 Rxa1+ 19.Bxa1 Bb4 20.h3 Qa5 21.Bb2 Qa2 22.Ng5 Nf8 23.e4
dxe4 24.Nxe4 N8d7 25.Qb1 Qxb3 26.c5 Nxe4 27.Bxe4 Nf6 28.Bc2 Qc4 29.Bd3 Qd5
30.Ba1 Bd2 31.Qxb7 Nd7 32.Qb2 Bf4 33.Qe2 Nf6 34.Bc4 Qd7 35.Qa2 Nd5 36.Qa8+ Kh7
37.Ba6 Bd2 38.Qb7 Qxb7 39.Bxb7 Ne7 40.Kf1 Kg8 41.Ke2 Ba5 42.Kd3 Kf8 43.g3 f6
44.Bb2 Ke8 45.Ba6 Kd7 46.Bc4 g5 47.Bc1 Bc7 48.Bb3 e5 49.dxe5 Bxe5 50.Ke4 Bc7
51.f4 gxf4 52.Bxf4 Bxf4 53.Kxf4 Ng6+ 54.Ke4 Ne5 55.Bg8 Ke7 56.g4 g5 57.Bb3 Nd7
58.Bc4 Nxc5+ 59.Kf5 Nb7 60.Bf1 Nd6+ 61.Kg6 c5 62.h4 gxh4 63.Kh5 Ne4 64.Kxh4 Ke6
65.Bd3 Ke5 66.Kh5 Kd4 67.Bc2 c4 68.Kg6 Ke5 69.Bb1 c3 70.Bc2 Kf4 71.Ba4 Kxg4

[Event "11. Senioren Team Europameiste"]
[Site "Velden - Casino"]
[Date "2009.04.05"]
[Round "1"]
[Board "4"]
[White "Badestein, Hartmut"]
[Black "Saharinen, Petri"]
[Result "1-0"]
[WhiteElo "2195"]
[BlackElo "1825"]
[PlyCount "56"]
[EventDate "2009.04.05"]
[EventType "team"]
[EventRounds "9"]
[EventCountry "AUT"]
[WhiteTeam "Berlin"]
[BlackTeam "Helsinki 1"]

1.e4 e6 2.d4 d5 3.Nc3 Bb4 4.e5 c5 5.a3 Bxc3+ 6.bxc3 Ne7 7.Nf3 Qc7 8.Bd3 b6 9.a4
Ba6 10.Bxa6 Nxa6 11.O-O h6 12.Qd3 c4 13.Qe2 Nb8 14.Ba3 Nbc6 15.Nd2 Na5 16.f4
O-O-O 17.Bxe7 Qxe7 18.f5 Rdg8 19.f6 Qf8 20.Rf2 g5 21.Nf1 g4 22.Ne3 g3 23.hxg3 h5
24.Qf3 Qe8 25.Re2 Rh6 26.Kf2 Rgg6 27.Rae1 Qg8 28.Rh1 Rxg3

[Event "11. Senioren Team Europameiste"]
[Site "Velden - Casino"]
[Date "2009.04.05"]
[Round "1"]
[Board "1"]
[White "Hoen, Ragnar"]
[Black "Welz, Peter"]
[Result "1/2-1/2"]
[WhiteElo "2273"]
[BlackElo "2143"]
[PlyCount "94"]
[EventDate "2009.04.05"]
[EventType "team"]
[EventRounds "9"]
[EventCountry "AUT"]
[WhiteTeam "Norwegen 1"]
[BlackTeam "Stiftung Bahn-Sozialwerk Berlin/DBAG"]

1.e4 e6 2.d4 d5 3.Nc3 Bb4 4.Bd3 dxe4 5.Bxe4 Nf6 6.Bg5 h6 7.Bxf6 Qxf6 8.Nf3 Nd7
9.O-O Bxc3 10.bxc3 Qf4 11.Re1 Nf6 12.g3 Qd6 13.Qe2 O-O 14.Ne5 Nxe4 15.Qxe4 Qd5
16.Qxd5 exd5 17.Nd3 Bf5 18.Re7 Rfe8 19.Rae1 Rxe7 20.Rxe7 Rc8 21.Re3 Kf8 22.f3
Bxd3 23.cxd3 c5 24.dxc5 Rxc5 25.d4 Rb5 26.Kf2 f6 27.Re2 Rb1 28.Ke3 Kf7 29.Kd3 g5
30.g4 b6 31.h4 gxh4 32.Rh2 Rd1+ 33.Kc2 Rf1 34.Rxh4 Kg6 35.Rh3 a5 36.a4 Ra1
37.Rh5 Rxa4 38.Kb2 Rc4 39.Rxd5 a4 40.Rb5 a3+ 41.Kb3 a2 42.Kxa2 Rxc3 43.Rf5 h5
44.Kb2 hxg4 45.fxg4 Rg3 46.Rb5 Rxg4 47.Kc3 f5

[Event "11. Senioren Team Europameiste"]
[Site "Velden - Casino"]
[Date "2009.04.05"]
[Round "1"]
[Board "2"]
[White "Fitzke, Ulrich"]
[Black "Gundersen, Helge"]
[Result "1/2-1/2"]
[WhiteElo "1998"]
[BlackElo "2247"]
[PlyCount "54"]
[EventDate "2009.04.05"]
[EventType "team"]
[EventRounds "9"]
[EventCountry "AUT"]
[WhiteTeam "Stiftung Bahn-Sozialwerk Berlin/DBAG"]
[BlackTeam "Norwegen 1"]

1.d4 e6 2.c4 f5 3.Nc3 Nf6 4.Nf3 b6 5.g3 Bb7 6.Bg2 Bb4 7.Bd2 O-O 8.O-O a5 9.Nb5
Be7 10.Bf4 Na6 11.Rc1 d6 12.Qb3 Ne4 13.Nd2 Nxd2 14.Bxd2 Bxg2 15.Kxg2 Kh8 16.Qf3
Bf6 17.Qc6 Qe7 18.a3 Qe8 19.Qxe8 Raxe8 20.e3 Rd8 21.Rfd1 c6 22.Nc3 e5 23.Ne2 h6
24.b4 axb4 25.axb4 Nc7 26.Ra1 Ra8 27.Bc3 exd4